Issues in implementation of public policies: the involvement of the army in the law and order sector in Bangladesh (Record no. 61936)

000 -LEADER
fixed length control field 00500pab a2200169 454500
008 - FIXED-LENGTH DATA ELEMENTS--GENERAL INFORMATION
fixed length control field 180718b2004 xxu||||| |||| 00| 0 eng d
100 ## - MAIN ENTRY--PERSONAL NAME
Personal name Panday, Pranab Kumar
245 ## - TITLE STATEMENT
Title Issues in implementation of public policies: the involvement of the army in the law and order sector in Bangladesh
260 ## - PUBLICATION, DISTRIBUTION, ETC.
Date of publication, distribution, etc. 2004
300 ## - PHYSICAL DESCRIPTION
Extent p.87-100.
362 ## - DATES OF PUBLICATION AND/OR SEQUENTIAL DESIGNATION
Dates of publication and/or sequential designation Jun
650 ## - SUBJECT ADDED ENTRY--TOPICAL TERM
Topical term or geographic name entry element Bangladesh. Army
650 ## - SUBJECT ADDED ENTRY--TOPICAL TERM
Topical term or geographic name entry element Public policy - Bangladesh
650 ## - SUBJECT ADDED ENTRY--TOPICAL TERM
Topical term or geographic name entry element Public policy
773 ## - HOST ITEM ENTRY
Main entry heading Social Change
909 ## -
-- 61936
Holdings
Withdrawn status Lost status Damaged status Not for loan Permanent Location Current Location Date acquired Serial Enumeration / chronology Barcode Date last seen Price effective from Koha item type
        Indian Institute of Public Administration Indian Institute of Public Administration 2018-07-19 Volume no: 34, Issue no: 2 AR62386 2018-07-19 2018-07-19 Articles

Powered by Koha